Do you know your urinary system? - Statistics

General Stats
  • This quiz has been taken 43 times
  • The average score is 7 of 15
Answer Stats
Hint Answer % Correct
storage organ for urine bladder
89%
this vessel carries urine out of the body urethra
75%
transports urine to a storage organ ureter
71%
functional unit of the kidney nephron
68%
carries blood from the aorta into the kidney renal artery
54%
carries blood away from the kidney renal vein
54%
carries blood away from the kidney renal vein
54%
this structure creates a water potential gradient in the medulla loop of Henle
43%
tightly coiled loops of capillaries where plasma filters out of glomerulus
29%
second twisted vessel where reabsorption occurs distal convoluted tubule
25%
where the plasma filtrate first collects Bowman's capsule
21%
first twisted vessel where reabsorption occurs proximal convoluted tubule
21%
carries blood back to the heart vena cava
21%
gland which releases ADH into the blood pituitary
18%
main structure in the kidney affected by ADH collecting duct
14%
No matching quizzes found
Score Distribution
Percent of People with Each Score
Percentile by Number Answered
Your Score History
You have not taken this quiz